Statistics for Rebus Puzzles (Dingbats) - Picture Quiz #3

Click here to take the quiz!

General Stats

  • This quiz has been taken 763 times
  • The average score is 7 of 8

Answer Stats

Answer % Correct
Half Price
97%
Misunderstood
95%
Think Outside the Box
93%
Read Between the Lines
93%
Once in a Blue Moon
91%
Hole in One
81%
Road to Nowhere
81%
Flat Tire
80%

Score Distribution

Percentile by Number Answered

Percent of People with Each Score

Your Score History

You have not taken this quiz